Martes con mi viejo profesor : (Record no. 110464)

MARC details
000 -LEADER
campo de control de longitud fija 01854cam a2200469Ia 4500
001 - NÚMERO DE CONTROL
campo de control 50544
005 - FECHA Y HORA DE LA ÚLTIMA TRANSACCIÓN
campo de control 20230411090003.0
008 - DATOS DE LONGITUD FIJA--INFORMACIÓN GENERAL
campo de control de longitud fija 030402s2000 sp 000 0bspa d
035 ## - NÚMERO DE CONTROL DEL SISTEMA
Número de control de sistema (OCoLC)ocm51960157
040 ## - FUENTE DE CATALOGACIÓN
Centro catalogador/agencia de origen SFR
Centro/agencia transcriptor SFR
Centro/agencia modificador BAKER
020 ## - NÚMERO INTERNACIONAL ESTÁNDAR DEL LIBRO
Número Internacional Estándar del Libro 9706516476 (pbk.) :
Condiciones de disponibilidad $15.95
020 ## - NÚMERO INTERNACIONAL ESTÁNDAR DEL LIBRO
Número Internacional Estándar del Libro 9789706516473 (pbk.)
035 ## - NÚMERO DE CONTROL DEL SISTEMA
Número de control de sistema (OCoLC)51960157
041 1# - CÓDIGO DE IDIOMA
Código de lengua del texto/banda sonora o título independiente spa
Código de lengua original eng
043 ## - CÓDIGO DE ÁREA GEOGRÁFICA
Código de área geográfica n-us---
092 ## - ASIGNACIÓN LOCAL DE SIGNATURA TOPOGRÁFICA DEWEY (OCLC)
Número de clasificación B
049 ## - FONDOS LOCALES (OCLC)
Biblioteca depositaria GRAL
100 1# - ENTRADA PRINCIPAL--NOMBRE DE PERSONA
Nombre de persona Albom, Mitch,
Fechas asociadas al nombre 1958-
240 1# - TÍTULO UNIFORME
Título uniforme Tuesdays with Morrie
245 10 - MENCIÓN DEL TÍTULO
Título Martes con mi viejo profesor :
Resto del título una lección de la vida, de la muerte y del amor /
Mención de responsabilidad, etc. Mitch Albom ; [tradujo Alejandro Pareja ; revisó la traducción, Trudi Kiebala].
250 ## - MENCION DE EDICION
Mención de edición 2a ed.
260 ## - PUBLICACIÓN, DISTRIBUCIÓN, ETC.
Lugar de publicación, distribución, etc. Madrid :
Nombre del editor, distribuidor, etc. Maeva ;
Lugar de publicación, distribución, etc. México, D.F. :
Nombre del editor, distribuidor, etc. Oceano,
Fecha de publicación, distribución, etc. c2000.
300 ## - DESCRIPCIÓN FÍSICA
Extensión 224 p. ;
Dimensiones 18 cm.
440 #0 - MENCIÓN DE SERIE/PUNTO DE ACCESO ADICIONAL--TÍTULO
Título Para estar en el mundo
440 #0 - MENCIÓN DE SERIE/PUNTO DE ACCESO ADICIONAL--TÍTULO
Título Vivencias y personajes
500 ## - NOTA GENERAL
Nota general Translation of: Tuesdays with Morrie.
500 ## - NOTA GENERAL
Nota general Subtitle on cover: Un testimonio sobre la vida, la amistad y el amor.
600 10 - PUNTO DE ACCESO ADICIONAL DE MATERIA--NOMBRE DE PERSONA
Nombre de persona Schwartz, Morris S.
610 20 - PUNTO DE ACCESO ADICIONAL DE MATERIA--NOMBRE DE ENTIDAD CORPORATIVA
Nombre de entidad corporativa o nombre de jurisdicción como elemento de entrada Brandeis University
Subdivisión general Faculty
Subdivisión de forma Biography.
650 #0 - PUNTO DE ACCESO ADICIONAL DE MATERIA--TÉRMINO DE MATERIA
Término de materia o nombre geográfico como elemento de entrada Amyotrophic lateral sclerosis
Subdivisión general Patients
Subdivisión geográfica United States
Subdivisión de forma Biography.
650 #0 - PUNTO DE ACCESO ADICIONAL DE MATERIA--TÉRMINO DE MATERIA
Término de materia o nombre geográfico como elemento de entrada Teacher-student relationships
Subdivisión geográfica United States
Subdivisión de forma Case studies.
650 #0 - PUNTO DE ACCESO ADICIONAL DE MATERIA--TÉRMINO DE MATERIA
Término de materia o nombre geográfico como elemento de entrada Death
Subdivisión general Psychological aspects
Subdivisión de forma Case studies.
610 24 - PUNTO DE ACCESO ADICIONAL DE MATERIA--NOMBRE DE ENTIDAD CORPORATIVA
Nombre de entidad corporativa o nombre de jurisdicción como elemento de entrada Universidad de Brandeis
Subdivisión general Profesorado
Subdivisión de forma Biografâia.
650 #4 - PUNTO DE ACCESO ADICIONAL DE MATERIA--TÉRMINO DE MATERIA
Término de materia o nombre geográfico como elemento de entrada Esclerosis lateral amiotrófica
Subdivisión general Enfermos
Subdivisión geográfica Estados Unidos
Subdivisión de forma Biografía.
650 #7 - PUNTO DE ACCESO ADICIONAL DE MATERIA--TÉRMINO DE MATERIA
Término de materia o nombre geográfico como elemento de entrada Relaciones maestro-estudiante
Subdivisión geográfica Estados Unidos
Subdivisión de forma Análisis de casos.
Fuente del encabezamiento o término bidex
650 #7 - PUNTO DE ACCESO ADICIONAL DE MATERIA--TÉRMINO DE MATERIA
Término de materia o nombre geográfico como elemento de entrada Muerte
Subdivisión general Aspectos psicológicos
Subdivisión de forma Análisis de casos.
Fuente del encabezamiento o término bidex
700 1# - ENTRADA AGREGADA--NOMBRE PERSONAL
Nombre de persona Pareja, Alejandro.
700 1# - ENTRADA AGREGADA--NOMBRE PERSONAL
Nombre de persona Kiebala, Trudi.
938 ## -
-- Baker & Taylor
-- BKTY
-- 11.90
-- 10.71
-- 9706516476
-- 0004449717
-- active
942 ## - ELEMENTOS DE ENTRADA SECUNDARIOS (KOHA)
Fuente del sistema de clasificación o colocación Clasificación de Library of Congress
Tipo de ítem Koha
994 ## -
-- C0
-- DRFGD
Holdings
Estatus retirado Estado de pérdida Fuente del sistema de clasificación o colocación Estado de daño No para préstamo Colección Biblioteca de origen Biblioteca actual Ubicación en estantería Fecha de adquisición Código de barras Visto por última vez Copia número Tipo de ítem Koha
    Clasificación de Library of Congress     Automatización y Procesos Técnicos Biblioteca Juan Bosch Biblioteca Juan Bosch Automatización y Procesos Técnicos (1er. Piso) 11/04/2023 00000052296 17/02/2019 1